[Event "WTCC-50 2018"]
[Site "Radebeul"]
[Date "2018.07.13"]
[Round "7"]
[White "Wolf, Volker"]
[Black "Jhunjhnuwala, Ramesh"]
[Result "1/2-1/2"]
[WhiteElo "2323"]
[BlackElo "2260"]
[Annotator "NA"]
[PlyCount "80"]
[EventDate "2018.07.07"]
[EventType "team-tourn"]
[EventCountry "GER"]
[SourceTitle "playchess.com"]
[Source "ChessBase"]
[SourceQuality "1"]
[TimeControl "40/5400+30:1800+30"]

1. e4 {[%emt 0:00:00]} c5 {[%emt 0:00:00]} 2. Nf3 {[%emt 0:00:00]} e6 {[%emt 0:00:00]} 3. b3 {[%emt 0:01:04]} d6 {[%emt 0:02:29]} 4. d4 {[%emt 0:00:29]} cxd4 {[%emt 0:00:14]} 5. Nxd4 {[%emt 0:00:13]} a6 {[%emt 0:00:35]} 6. Bd3 {[%emt 0:01:55]} Nf6 {[%emt 0:01:04]} 7. O-O {[%emt 0:00:16]} Be7 {[%emt 0:00:32]} 8. c4 {[%emt 0:00:14]} O-O {[%emt 0:00:45]} 9. Nc3 {[%emt 0:00:10]} Qc7 {[%emt 0:04:41]} 10. Bb2 {[%emt 0:00:15]} Nbd7 {[%emt 0:06:29]} 11. Qe2 {[%emt 0:01:02]} b6 {[%emt 0:03:52]} 12. Rae1 {[%emt 0:01:14]} Rd8 {[%emt 0:20:51]} 13. f4 {[%emt 0:05:35]} Nf8 {[%emt 0:03:42]} 14. Kh1 {[%emt 0:02:56]} Bb7 {[%emt 0:02:08]} 15. Bb1 {[%emt 0:01:21]} Rac8 {[%emt 0:01:58]} 16. Qf2 {[%emt 0:15:28]} N6d7 {[%emt 0:03:26]} 17. Nf3 {[%emt 0:23:31]} Bf6 {[%emt 0:08:45]} 18. Qg3 {[%emt 0:06:23]} g6 {[%emt 0:03:59]} 19. Re2 {[%emt 0:02:12]} Bg7 {[%emt 0:01:16]} 20. Rc1 {[%emt 0:09:47]} Bc6 {[%emt 0:02:32]} 21. Qe1 {[%emt 0:07:40]} Nc5 {[%emt 0:05:04]} 22. b4 {[%emt 0:02:21]} Ncd7 {[%emt 0:01:32]} 23. Nd5 {[%emt 0:02:02]} exd5 {[%emt 0:07:04]} 24. cxd5 {[%emt 0:00:09]} Bxb2 {[%emt 0:00:37]} 25. Rxc6 {[%emt 0:00:27]} Qb7 {[%emt 0:00:55]} 26. Rxc8 {[%emt 0:00:21]} Rxc8 {[%emt 0:01:16]} 27. Rxb2 {[%emt 0:00:05]} Rc7 {[%emt 0:01:58]} 28. Nd4 {[%emt 0:02:13]} b5 {[%emt 0:01:19]} 29. Nc6 {[%emt 0:01:14]} Nb8 {[%emt 0:00:24]} 30. Nxb8 {[%emt 0:05:42]} Qxb8 {[%emt 0:03:45]} 31. Rc2 {[%emt 0:00:02]} Rxc2 {[%emt 0:00:38]} 32. Bxc2 {[%emt 0:00:04]} Qc8 {[%emt 0:00:29]} 33. Bb3 {[%emt 0:00:18]} Nd7 {[%emt 0:01:34]} 34. e5 {[%emt 0:01:55]} dxe5 {[%emt 0:00:11]} 35. fxe5 {[%emt 0:00:02]} Nxe5 {[%emt 0:00:08]} 36. h3 {[%emt 0:00:42]} Qf5 {[%emt 0:01:10]} 37. Qd2 {[%emt 0:05:19]} Kf8 {[%emt 0:03:45]} 38. Qd4 {[%emt 0:01:22]} Qf1+ 39. Kh2 Qe2 40. Qc5+ Kg7 1/2-1/2

[Event "WTCC-50 2018"]
[Site "Radebeul"]
[Date "2018.07.13"]
[Round "7"]
[White "Welling, Gerard"]
[Black "Leow, Leslie M"]
[Result "1/2-1/2"]
[WhiteElo "2317"]
[BlackElo "2419"]
[Annotator "TA"]
[PlyCount "34"]
[EventDate "2018.07.07"]
[EventType "team-tourn"]
[EventCountry "GER"]
[SourceTitle "playchess.com"]
[Source "ChessBase"]
[SourceQuality "1"]

{[%evp 19,34,12,41,12,8,9,69,28,12,23,131,110,57,4,6,-20,0]} 1. e4 c5 2. d3 Nc6 3. g3 g6 4. Bg2 Bg7 5. f4 d6 6. Nf3 e6 7. O-O Nge7 8. c3 O-O 9. Be3 b6 10. Na3 e5 {LiveBook: 10 Partien. B20: Sizilianisch} (10... Bb7 11. Nc2 Qd7 12. Qd2 f5 13. b3 Rae8 14. Rad1 Nd8 15. exf5 exf5 16. c4 Qc8 17. d4 Be4 18. Ng5 Bxg2 19. Qxg2 {1-0 (92) Grigoryan,A (2571)-Melkumyan,H (2625) Yerevan 2014}) 11. Qd2 (11. f5 $5) 11... exf4 $146 ({Vorgänger:} 11... Bg4 12. Nh4 exf4 13. Bxf4 Qd7 14. Nc4 Ne5 15. Bh6 Bxh6 16. Qxh6 Nxd3 17. Qd2 {0-1 (31) Chueca Forcen,A (2289)-Cuenca Jimenez,J (2493) La Roda 2011}) 12. Bxf4 d5 ({Lieber} 12... Ba6 $11) 13. exd5 Nxd5 14. Bh6 Bf5 (14... Bg4 $11 {hält das Gleichgewicht.}) 15. Bxg7 Kxg7 16. Nh4 ({Günstiger ist} 16. d4 $14) 16... Be6 $11 17. Nc4 Qc7 1/2-1/2

[Event "WTCC-50 2018"]
[Site "Radebeul"]
[Date "2018.07.13"]
[Round "7"]
[White "Wallner, Joachim"]
[Black "Graf, Alexander"]
[Result "0-1"]
[WhiteElo "2311"]
[BlackElo "2561"]
[Annotator "TA"]
[PlyCount "62"]
[EventDate "2018.07.07"]
[EventType "team-tourn"]
[EventCountry "GER"]
[SourceTitle "playchess.com"]
[Source "ChessBase"]
[SourceQuality "1"]

{[%evp 25,62,0,0,-9,-10,-10,-8,-11,-12,-24,-25,-26,-26,-25,-22,-40,-23,-25,-28,-71,-75,-72,-50,-179,-183,-179,-171,-337,-337,-335,-309,-407,-409,-542,-540,-535,-532,-527,-524]} 1. e4 e6 2. d4 d5 3. Nd2 c5 4. exd5 Qxd5 5. Ngf3 cxd4 6. Bc4 Qd6 7. O-O Nf6 8. Nb3 Nc6 9. Nbxd4 Nxd4 10. Qxd4 Bd7 11. Re1 {C07: French Tarrasch: 3...c5, 4 Ngf3 and 4 exd5 Qxd5} (11. Be3 a6 12. Rad1 Qxd4 13. Bxd4 Rc8 14. Bb3 Bb5 15. Rfe1 Bc5 16. c3 Ke7 17. Bxc5+ Rxc5 18. Nd4 Bd7 19. f3 {½-½ (56) Mamedov,R (2660)-Grischuk,A (2771) Moscow 2010}) 11... Rc8 12. Bb3 Qxd4 13. Nxd4 Bc5 {LiveBook: 3 Games} 14. c3 Bxd4 15. cxd4 Bc6 16. Bg5 Nd5 17. Bxd5 $146 ({Predecessor:} 17. Rac1 O-O 18. a3 h6 19. Bxd5 Bxd5 20. Rxc8 Rxc8 21. Rc1 {½-½ (21) Scholz,C (2375)-Kipper,J (2370) Germany 2017}) 17... Bxd5 18. Rac1 Kd7 19. b3 a5 {[%cal Ba7a5,Ba5a4][%mdl 32]} 20. Bd2 Rxc1 21. Rxc1 $15 {[%mdl 4096] Endgame KRB-KRB} Ra8 22. Rc2 a4 23. b4 a3 {Hoping for ...Bb3!} 24. Be1 {[#]} (24. f3 $15) 24... Bb3 $1 $19 {[%cal Rb3c2]} 25. Re2 Kc6 26. Bc3 $2 {[#]} (26. f3) 26... Bd5 $1 27. Rc2 Kb5 {And now ...Rc8 would win.} 28. Bd2 Ka4 29. f3 {[#]} Bxa2 $1 {[%mdl 512] Black is clearly winning.} 30. Rxa2 Kb3 31. Ra1 Kb2 {Precision: White = 17%, Black = 90%.} 0-1

[Event "WTCC-50 2018"]
[Site "Radebeul"]
[Date "2018.07.13"]
[Round "7"]
[White "Titscher, Libor"]
[Black "Pruefer, Friedbert"]
[Result "1/2-1/2"]
[WhiteElo "2306"]
[BlackElo "2172"]
[Annotator "NA"]
[PlyCount "62"]
[EventDate "2018.07.07"]
[EventType "team-tourn"]
[EventCountry "GER"]
[SourceTitle "playchess.com"]
[Source "ChessBase"]
[SourceQuality "1"]
[TimeControl "40/5400+30:1800+30"]

1. c4 {[%emt 0:00:00]} Nf6 {[%emt 0:00:00]} 2. Nc3 {[%emt 0:00:00]} d5 {[%emt 0:00:00]} 3. cxd5 {[%emt 0:00:02]} Nxd5 {[%emt 0:00:00]} 4. g3 {[%emt 0:00:10]} g6 {[%emt 0:00:19]} 5. Bg2 {[%emt 0:00:06]} Nb6 {[%emt 0:00:10]} 6. Nf3 {[%emt 0:00:07]} Bg7 {[%emt 0:00:09]} 7. O-O {[%emt 0:00:12]} O-O {[%emt 0:00:18]} 8. d3 {[%emt 0:00:06]} Nc6 {[%emt 0:00:37]} 9. Be3 {[%emt 0:00:06]} a5 {[%emt 0:05:21]} 10. Qc1 {[%emt 0:08:11]} Re8 {[%emt 0:03:55]} 11. Ng5 {[%emt 0:02:43]} Nd4 {[%emt 0:18:47]} 12. Re1 {[%emt 0:07:41]} c6 {[%emt 0:04:30]} 13. h3 {[%emt 0:05:03]} a4 {[%emt 0:01:55]} 14. Kh2 {[%emt 0:06:03]} Ra5 {[%emt 0:05:03]} 15. f4 {[%emt 0:03:25]} a3 {[%emt 0:14:22]} 16. b4 {[%emt 0:02:53]} Ra8 {[%emt 0:00:17]} 17. Rb1 {[%emt 0:02:22]} h6 {[%emt 0:05:15]} 18. Nf3 {[%emt 0:16:07]} Nxf3+ {[%emt 0:01:06]} 19. Bxf3 {[%emt 0:00:14]} Be6 {[%emt 0:02:01]} 20. b5 {[%emt 0:06:11]} Nd5 {[%emt 0:01:25]} 21. Nxd5 {[%emt 0:00:19]} cxd5 {[%emt 0:03:28]} 22. d4 {[%emt 0:09:17]} Qd7 {[%emt 0:01:26]} 23. g4 {[%emt 0:05:36]} Rec8 {[%emt 0:01:13]} 24. Qd2 {[%emt 0:00:31]} Rc4 {[%emt 0:04:18]} 25. Rec1 {[%emt 0:02:35]} Raa4 {[%emt 0:03:04]} 26. Rxc4 {[%emt 0:01:26]} Rxc4 {[%emt 0:00:37]} 27. Qa5 {[%emt 0:01:16]} Bxd4 {[%emt 0:02:03]} 28. Qxa3 {[%emt 0:01:25]} Rc3 29. Qb2 Rc4 30. Qa3 Bxe3 31. Qxe3 Qd6 1/2-1/2

[Event "WTCC-50 2018"]
[Site "Radebeul"]
[Date "2018.07.13"]
[Round "7"]
[White "Fritsche, Lutz"]
[Black "Jhunjhnuwala, Krishan"]
[Result "1/2-1/2"]
[WhiteElo "2303"]
[BlackElo "2340"]
[Annotator "NA"]
[PlyCount "47"]
[EventDate "2018.07.07"]
[EventType "team-tourn"]
[EventCountry "GER"]
[SourceTitle "playchess.com"]
[Source "ChessBase"]
[SourceQuality "1"]
[TimeControl "40/5400+30:1800+30"]

1. e4 {[%emt 0:00:13]} c5 {[%emt 0:00:00]} 2. Nc3 {[%emt 0:00:20]} Nc6 {[%emt 0:00:05]} 3. g3 {[%emt 0:00:22]} Nf6 {[%emt 0:01:16]} 4. Bg2 {[%emt 0:00:12]} d6 {[%emt 0:01:25]} 5. d3 {[%emt 0:01:28]} g6 {[%emt 0:00:39]} 6. Nf3 {[%emt 0:01:35]} Bg7 {[%emt 0:00:38]} 7. O-O {[%emt 0:00:10]} O-O {[%emt 0:00:25]} 8. Nd5 {[%emt 0:00:43]} Bg4 {[%emt 0:03:00]} 9. h3 {[%emt 0:04:34]} Bd7 {[%emt 0:01:12]} 10. c3 {[%emt 0:03:15]} Rb8 {[%emt 0:03:50]} 11. Bg5 {[%emt 0:05:02]} e6 {[%emt 0:06:55]} 12. Nxf6+ {[%emt 0:04:06]} Bxf6 {[%emt 0:00:12]} 13. Be3 {[%emt 0:00:32]} Bg7 {[%emt 0:04:43]} 14. d4 {[%emt 0:00:41]} b6 {[%emt 0:09:29]} 15. d5 {[%emt 0:22:04]} exd5 {[%emt 0:07:01]} 16. Qxd5 {[%emt 0:00:47]} Ne5 {[%emt 0:01:35]} 17. Nh2 {[%emt 0:05:09]} Bc6 {[%emt 0:03:19]} 18. Qb3 {[%emt 0:07:55]} Qe7 {[%emt 0:02:30]} 19. Rad1 {[%emt 0:06:40]} b5 {[%emt 0:05:21]} 20. Bf4 {[%emt 0:05:45]} Rfd8 {[%emt 0:04:48]} 21. Qc2 {[%emt 0:01:02]} c4 {[%emt 0:02:49]} 22. Bxe5 {[%emt 0:01:37]} dxe5 {[%emt 0:02:57]} 23. Ng4 {[%emt 0:00:32]} Rxd1 {[%emt 0:02:52]} 24. Rxd1 1/2-1/2

[Event "WTCC-50 2018"]
[Site "Radebeul"]
[Date "2018.07.13"]
[Round "7"]
[White "Druckenthaner, Andreas"]
[Black "Levin, Felix"]
[Result "0-1"]
[WhiteElo "2296"]
[BlackElo "2468"]
[Annotator "TA"]
[PlyCount "110"]
[EventDate "2018.07.07"]
[EventType "team-tourn"]
[EventCountry "GER"]
[SourceTitle "playchess.com"]
[Source "ChessBase"]
[SourceQuality "1"]

{[%evp 19,110,-8,25,0,23,-14,-8,-24,-28,-28,-16,-12,0,-19,0,0,-6,-22,25,-60,-52,-57,-60,-54,-70,-56,-74,-70,-36,-76,-31,-77,-36,-43,-41,-31,-25,-49,-46,-75,-79,-78,-16,-94,-60,-166,-154,-143,-61,-73,-69,-123,-105,-154,-170,-158,-125,-109,-97,-99,-120,-224,-147,-139,-154,-159,-134,-758,-708,-1533,-1169,-29976,-29977,-29976,-29977,-29974,-29975,-29978,-29979,-29979,-29978,-29978,-29978,-29984,-29985,-29985,-29983,-29986,-29983,-29983,-29984,-29984,-29985]} 1. e4 e5 2. Nf3 Nc6 3. Nc3 Nf6 4. g3 Bc5 5. Bg2 d6 6. O-O a6 7. d3 h6 8. Be3 {C26: Vienna Game: 2...Nf6, sidelines} (8. h3 Be6 9. Kh2 d5 10. exd5 Nxd5 11. Nxe5 Nxe5 12. d4 Nxc3 13. bxc3 Qf6 14. dxc5 Rd8 15. Qh5 g6 16. Qh4 Nf3+ 17. Bxf3 Qxf3 {½-½ (76) Kamsky,G (2670)-Shirov,A (2652) Sochi 2018}) 8... Bxe3 9. fxe3 O-O 10. Nh4 g6 {LiveBook: 4 Games} 11. Nd5 Nh7 12. h3 Nb8 $146 ({Predecessor:} 12... Ne7 13. Nf6+ Nxf6 14. Rxf6 Nf5 15. Rxg6+ fxg6 16. exf5 Qg5 17. Qf3 gxf5 18. Qd5+ {0-1 (36) Gaspar Calvo,L (1963)-Garcia Vicente,N (2209) Spain 2006}) 13. c4 c6 14. Nc3 Be6 15. Kh2 b5 16. b3 Ra7 17. Qe2 b4 18. Nb1 d5 19. Nd2 (19. exd5 $11 cxd5 20. Nd2) 19... dxc4 $1 $15 20. Nxc4 Bxc4 21. bxc4 c5 22. a3 Nc6 23. Rfd1 Rd7 24. Nf3 {White wants to play axb4.} Ng5 25. Ne1 h5 26. axb4 Nxb4 27. h4 Nh7 {[%cal Bg5h7,Bh7f6,Bf6g4][%mdl 32]} 28. Ra3 Nf6 29. Bh3 Rd6 30. Qf3 Kg7 (30... Qe7 $17) 31. Rd2 (31. d4 $1 $11 {keeps the balance.}) 31... Qa8 32. Bg2 (32. Qd1 $15) 32... Ng4+ $1 $19 33. Kg1 Qd8 ({Better is} 33... Rf6 $17 34. Qd1 Nxe3) 34. Qe2 $1 $15 f5 35. exf5 (35. Bf3 $15) 35... gxf5 $17 36. Bf3 {[#]} e4 $1 {[%cal Re4f3][%mdl 512]} 37. Bxg4 (37. dxe4 Rxd2) 37... fxg4 38. d4 cxd4 39. Rxd4 Rxd4 40. Qb2 (40. exd4 $17 {is the only way for White.} Qxd4+ 41. Qe3) 40... Nc6 41. exd4 {Threatens to win with d5+.} Qf6 $36 {[%mdl 2048] Black is in control.} ({Avoid the trap} 41... Nxd4 $2 42. Nc2 $18) 42. Ng2 Nxd4 43. Qa1 $2 {[%mdl 8192]} (43. Kh1 $17) 43... Qf2+ $19 44. Kh2 Rf6 {( -> ...Nf3+)} 45. Qc1 Nf3+ {Black mates.} 46. Rxf3 exf3 {[%csl Gf3][%cal Rf2g2][%mdl 4096] Endgame KQR-KQN} ({Weaker is} 46... Qxf3 47. Qg5+ Kf8 48. Qc5+ Kg7 49. Qg5+ Rg6 50. Qxh5 $15) 47. Qg5+ Kf7 {[%csl Gf3][%cal Rf2g2]} ({Not} 47... Rg6 48. Qe7+ Kh6 49. Qf8+ Kh7 50. Qf7+ Kh6 51. Qf8+ Rg7 52. Qf4+ Kg6 53. Qg5+ Kh7 54. Qxh5+ Kg8 55. Qe8+ Kh7 56. Qh5+ Kg8 57. Qe8+ Kh7 58. Qh5+ $11) 48. Qd5+ Re6 $1 {[%csl Gf3][%cal Rf2g2]} 49. Qd7+ Kf6 {[%csl Gf3][%cal Rf2g2]} 50. Qd8+ Re7 $1 {[%csl Gf3][%cal Rf2g2]} 51. Qf8+ {[#]} Ke6 $1 {[%csl Gf3][%cal Rf2g2]} 52. Qc8+ Kd6 {[%csl Gf3][%cal Rf2g2]} 53. Qd8+ Kc6 {[%csl Gf3][%cal Rf2g2]} 54. Qc8+ Kb6 {[%csl Gf3][%cal Rf2g2]} 55. Qd8+ {[#]} Rc7 $1 {Precision: White = 40%, Black = 54%.} 0-1

[Event "WTCC-50 2018"]
[Site "Radebeul"]
[Date "2018.07.13"]
[Round "7"]
[White "Weitzer, Steffen"]
[Black "Lewis, Andrew P"]
[Result "1-0"]
[WhiteElo "2288"]
[BlackElo "2298"]
[Annotator "NA"]
[PlyCount "61"]
[EventDate "2018.07.07"]
[EventType "team-tourn"]
[EventCountry "GER"]
[SourceTitle "playchess.com"]
[Source "ChessBase"]
[SourceQuality "1"]
[TimeControl "40/5400+30:1800+30"]

1. d4 {[%emt 0:00:00]} Nf6 {[%emt 0:00:00]} 2. Nf3 {[%emt 0:00:00]} g6 {[%emt 0:00:07]} 3. Bf4 {[%emt 0:00:00]} Bg7 {[%emt 0:00:12]} 4. e3 {[%emt 0:00:00]} O-O {[%emt 0:00:18]} 5. c3 {[%emt 0:00:03]} d6 {[%emt 0:00:15]} 6. h3 {[%emt 0:00:05]} c5 {[%emt 0:00:41]} 7. Be2 {[%emt 0:03:05]} b6 {[%emt 0:03:30]} 8. a4 {[%emt 0:00:27]} a6 {[%emt 0:03:55]} 9. O-O {[%emt 0:02:26]} Bb7 {[%emt 0:00:20]} 10. Re1 {[%emt 0:00:25]} Nc6 {[%emt 0:06:25]} 11. Na3 {[%emt 0:02:49]} cxd4 {[%emt 0:05:08]} 12. exd4 {[%emt 0:00:46]} Rc8 {[%emt 0:11:23]} 13. Bc4 {[%emt 0:11:20]} Na5 {[%emt 0:10:56]} 14. Bd3 {[%emt 0:03:43]} Re8 {[%emt 0:01:29]} 15. Bh2 {[%emt 0:04:42]} d5 {[%emt 0:07:15]} 16. Ne5 {[%emt 0:02:39]} Ne4 {[%emt 0:01:56]} 17. f3 {[%emt 0:10:32]} Nd6 {[%emt 0:03:48]} 18. Qe2 {[%emt 0:01:49]} f6 {[%emt 0:18:56]} 19. Nxg6 {[%emt 0:05:53]} hxg6 {[%emt 0:06:33]} 20. Bxg6 {[%emt 0:06:41]} e6 {[%emt 0:07:29]} 21. Bxe8 {[%emt 0:02:53]} Nxe8 {[%emt 0:00:09]} 22. Qxe6+ {[%emt 0:00:12]} Kf8 {[%emt 0:00:21]} 23. Re2 {[%emt 0:05:06]} Bc6 {[%emt 0:02:55]} 24. Nc2 {[%emt 0:01:30]} Nc4 {[%emt 0:03:54]} 25. Nb4 {[%emt 0:01:55]} Bb7 {[%emt 0:02:14]} 26. Rae1 {[%emt 0:01:02]} a5 {[%emt 0:00:27]} 27. Nd3 {[%emt 0:00:20]} Bc6 {[%emt 0:00:50]} 28. Nf4 {[%emt 0:00:20]} Bh6 {[%emt 0:00:17]} 29. Ng6+ {[%emt 0:00:40]} Kg7 {[%emt 0:00:09]} 30. Ne7 {[%emt 0:00:15]} Bd7 {[%emt 0:02:06]} 31. Qg8# {[%emt 0:00:03] Kxg8} 1-0

[Event "WTCC-50 2018"]
[Site "Radebeul"]
[Date "2018.07.13"]
[Round "7"]
[White "Plotkin, Victor"]
[Black "Plaskett, H James"]
[Result "*"]
[WhiteElo "2248"]
[BlackElo "2455"]
[Annotator "TA"]
[PlyCount "26"]
[EventDate "2018.07.07"]
[EventType "team-tourn"]
[EventCountry "GER"]
[SourceTitle "playchess.com"]
[Source "ChessBase"]
[SourceQuality "1"]

{[%evp 9,11,44,46,7]} 1. e4 g6 2. Nc3 Bg7 3. d4 d6 4. Be3 c6 5. Qd2 Nd7 {LiveBook: 439 Games} 6. Bc4 $146 {B06: Modern Defence} ({Predecessor:} 6. h3 Ngf6 7. Nf3 b5 8. Bd3 O-O 9. O-O e5 10. dxe5 dxe5 11. a4 b4 12. Ne2 c5 13. c3 Bb7 14. Ng3 a5 15. Rfd1 Qe7 16. Bb5 Rfd8 17. Qd6 Qxd6 18. Rxd6 Bf8 {1-0 (55) Ponomariov,R (2710)-Bachmann,A (2593) Berlin 2015}) 6... Ngf6 7. f3 d5 8. Bb3 e6 9. Bh6 Nxe4 10. Nxe4 Qh4+ 11. g3 Qxh6 12. Nd6+ Ke7 13. Nxc8+ Rhxc8 {0-1 (88) Plotkin,V (2248)-Plaskett,H (2455) Dresden 2018} *

[Event "WTCC-50 2018"]
[Site "Radebeul"]
[Date "2018.07.13"]
[Round "7"]
[White "Schunk, Thomas"]
[Black "Schweitzer, Andreas"]
[Result "0-1"]
[WhiteElo "2238"]
[BlackElo "2239"]
[Annotator "NA"]
[PlyCount "93"]
[EventDate "2018.07.07"]
[EventType "team-tourn"]
[EventCountry "GER"]
[SourceTitle "playchess.com"]
[Source "ChessBase"]
[SourceQuality "1"]
[TimeControl "40/5400+30:1800+30"]

1. c4 {[%emt 0:00:00]} e6 {[%emt 0:00:00]} 2. g3 {[%emt 0:00:00]} d5 {[%emt 0:00:00]} 3. Bg2 {[%emt 0:00:00]} Nf6 {[%emt 0:00:44]} 4. Qc2 {[%emt 0:00:10]} c5 {[%emt 0:02:01]} 5. cxd5 {[%emt 0:00:29]} exd5 {[%emt 0:01:19]} 6. Nf3 {[%emt 0:00:09]} Nc6 {[%emt 0:01:04]} 7. O-O {[%emt 0:00:10]} Be7 {[%emt 0:01:50]} 8. d3 {[%emt 0:00:27]} O-O {[%emt 0:03:13]} 9. Bg5 {[%emt 0:00:21]} h6 {[%emt 0:07:48]} 10. Bf4 {[%emt 0:05:24]} Be6 {[%emt 0:04:58]} 11. Nc3 {[%emt 0:00:36]} Rc8 {[%emt 0:06:51]} 12. a3 {[%emt 0:13:28]} d4 {[%emt 0:05:23]} 13. Nd1 {[%emt 0:05:17]} Na5 {[%emt 0:02:15]} 14. Ne5 {[%emt 0:02:28]} b5 {[%emt 0:12:13]} 15. Rc1 {[%emt 0:03:07]} Qb6 {[%emt 0:03:10]} 16. Qb1 {[%emt 0:06:28]} Nb3 {[%emt 0:02:17]} 17. Rc2 {[%emt 0:00:05]} Rfd8 {[%emt 0:01:51]} 18. h3 {[%emt 0:00:39]} Bd6 {[%emt 0:07:03]} 19. Nf3 {[%emt 0:01:51]} Bxf4 {[%emt 0:01:40]} 20. gxf4 {[%emt 0:00:05]} Nd5 {[%emt 0:02:44]} 21. e3 {[%emt 0:01:10]} c4 {[%emt 0:02:05]} 22. Kh1 {[%emt 0:02:30]} dxe3 {[%emt 0:01:19]} 23. fxe3 {[%emt 0:02:59]} Nxe3 {[%emt 0:00:24]} 24. Nxe3 {[%emt 0:02:33]} Qxe3 {[%emt 0:00:03]} 25. Rc3 {[%emt 0:00:22]} Rxd3 {[%emt 0:04:20]} 26. Re1 {[%emt 0:01:42]} Rxc3 {[%emt 0:09:02]} 27. Rxe3 {[%emt 0:02:57]} Rc1+ {[%emt 0:01:12]} 28. Qxc1 {[%emt 0:00:14]} Nxc1 {[%emt 0:00:02]} 29. Nd4 {[%emt 0:00:11]} Bd7 {[%emt 0:04:31]} 30. Bb7 {[%emt 0:04:29]} Re8 {[%emt 0:02:48]} 31. Rxe8+ {[%emt 0:06:19]} Bxe8 {[%emt 0:00:01]} 32. Ba6 {[%emt 0:00:06]} Nd3 {[%emt 0:00:29]} 33. Bxb5 {[%emt 0:00:53]} Bxb5 {[%emt 0:00:35]} 34. Nxb5 {[%emt 0:00:25]} Nxb2 {[%emt 0:01:48]} 35. Kg2 {[%emt 0:00:40]} a6 {[%emt 0:04:34]} 36. Nc3 {[%emt 0:00:33]} f5 {[%emt 0:01:16]} 37. Kf3 {[%emt 0:00:34]} Kf7 {[%emt 0:00:36]} 38. Ke3 {[%emt 0:00:43]} g5 {[%emt 0:01:25]} 39. Nd5 {[%emt 0:01:45]} g4 {[%emt 0:00:56]} 40. h4 {[%emt 0:00:44]} Na4 {[%emt 0:01:06]} 41. Kd4 {[%emt 0:30:53]} c3 {[%emt 0:06:09]} 42. Ne3 {[%emt 0:00:00]} g3 {[%emt 0:03:35]} 43. Kd3 {[%emt 0:00:00]} Kg6 {[%emt 0:03:42]} 44. Kc2 {[%emt 0:00:00]} Nb6 {[%emt 0:09:06]} 45. Kxc3 {[%emt 0:00:00]} Nd5+ {[%emt 0:00:15]} 46. Nxd5 {[%emt 0:00:00]} g2 {[%emt 0:00:11]} 47. Ne7+ {[%emt 0:00:00]} 0-1

[Event "WTCC-50 2018"]
[Site "Radebeul"]
[Date "2018.07.13"]
[Round "7"]
[White "Kempter, Ronald"]
[Black "Schmidt, Reiner"]
[Result "1/2-1/2"]
[WhiteElo "2233"]
[BlackElo "2185"]
[Annotator "NA"]
[PlyCount "84"]
[EventDate "2018.07.07"]
[EventType "team-tourn"]
[EventCountry "GER"]
[SourceTitle "playchess.com"]
[Source "ChessBase"]
[SourceQuality "1"]
[TimeControl "40/5400+30:1800+30"]

1. Nf3 {[%emt 0:00:00]} g6 {[%emt 0:00:00]} 2. g3 {[%emt 0:00:00]} Bg7 {[%emt 0:00:00]} 3. d4 {[%emt 0:00:09]} Nf6 {[%emt 0:00:22]} 4. Bg2 {[%emt 0:00:07]} O-O {[%emt 0:00:13]} 5. c4 {[%emt 0:01:08]} d6 {[%emt 0:00:08]} 6. O-O {[%emt 0:00:23]} Nbd7 {[%emt 0:00:26]} 7. Nc3 {[%emt 0:05:27]} e5 {[%emt 0:00:18]} 8. e4 {[%emt 0:00:54]} exd4 {[%emt 0:00:26]} 9. Nxd4 {[%emt 0:00:20]} Re8 {[%emt 0:00:23]} 10. h3 {[%emt 0:03:10]} a6 {[%emt 0:01:07]} 11. Re1 {[%emt 0:04:53]} Rb8 {[%emt 0:00:36]} 12. Bf4 {[%emt 0:06:34]} Nh5 {[%emt 0:16:58]} 13. Be3 {[%emt 0:03:45]} Ne5 {[%emt 0:10:00]} 14. b3 {[%emt 0:05:39]} Bd7 {[%emt 0:01:26]} 15. Rc1 {[%emt 0:03:40]} Qc8 {[%emt 0:02:35]} 16. Kh2 {[%emt 0:05:35]} Nf6 {[%emt 0:05:56]} 17. Nd5 {[%emt 0:10:18]} b6 {[%emt 0:15:25]} 18. Bg5 {[%emt 0:06:42]} Nxd5 {[%emt 0:19:48]} 19. cxd5 {[%emt 0:04:27]} h6 {[%emt 0:02:12]} 20. Be3 {[%emt 0:04:11]} g5 {[%emt 0:00:42]} 21. Qc2 {[%emt 0:08:35]} Rb7 {[%emt 0:02:51]} 22. Rg1 {[%emt 0:11:19]} g4 {[%emt 0:05:02]} 23. h4 {[%emt 0:00:15]} Qd8 {[%emt 0:00:47]} 24. Rgd1 {[%emt 0:02:18]} Qf6 {[%emt 0:01:07]} 25. Qe2 {[%emt 0:01:40]} Nf3+ {[%emt 0:05:22]} 26. Nxf3 {[%emt 0:04:48]} Bb5 {[%emt 0:00:51]} 27. Qc2 {[%emt 0:00:42]} gxf3 {[%emt 0:01:27]} 28. Bd4 {[%emt 0:00:31]} Qg6 {[%emt 0:01:37]} 29. Bxf3 {[%emt 0:01:17]} Bxd4 {[%emt 0:00:21]} 30. Rxd4 {[%emt 0:00:07]} Qf6 {[%emt 0:00:12]} 31. Qd1 {[%emt 0:01:17]} Kh8 {[%emt 0:03:07]} 32. Rd2 {[%emt 0:01:04]} a5 {[%emt 0:01:27]} 33. Bg2 {[%emt 0:00:34]} Re7 {[%emt 0:00:33]} 34. Rdc2 {[%emt 0:01:04]} Qg7 {[%emt 0:01:28]} 35. Qd2 {[%emt 0:00:43]} f6 {[%emt 0:01:00]} 36. Rc3 {[%emt 0:01:00]} Be8 {[%emt 0:00:15]} 37. Qd3 {[%emt 0:01:57]} Ra7 {[%emt 0:00:29]} 38. Qd4 {[%emt 0:00:31]} Bg6 {[%emt 0:00:17]} 39. Re3 {[%emt 0:01:05]} Ra8 {[%emt 0:00:12]} 40. Rce1 {[%emt 0:01:07]} Rae8 {[%emt 0:00:29]} 41. Bh3 {[%emt 0:03:35]} Kg8 {[%emt 0:05:45]} 42. g4 {[%emt 0:08:34]} Qh7 {[%emt 0:05:05]} 1/2-1/2

[Event "WTCC-50 2018"]
[Site "Radebeul"]
[Date "2018.07.13"]
[Round "7"]
[White "Bruch, Jochen"]
[Black "Grawe, Christian"]
[Result "1/2-1/2"]
[WhiteElo "2222"]
[BlackElo "2231"]
[Annotator "NA"]
[PlyCount "37"]
[EventDate "2018.07.07"]
[EventType "team-tourn"]
[EventCountry "GER"]
[SourceTitle "playchess.com"]
[Source "ChessBase"]
[SourceQuality "1"]
[TimeControl "40/5400+30:1800+30"]

1. Nf3 {[%emt 0:00:00]} d5 {[%emt 0:00:02]} 2. g3 {[%emt 0:00:00]} Bg4 {[%emt 0:00:14]} 3. Bg2 {[%emt 0:00:00]} Nd7 {[%emt 0:00:14]} 4. O-O {[%emt 0:00:00]} c6 {[%emt 0:00:18]} 5. d3 {[%emt 0:00:00]} Ngf6 {[%emt 0:00:22]} 6. Nbd2 {[%emt 0:00:05]} e5 {[%emt 0:00:30]} 7. e4 {[%emt 0:00:21]} dxe4 {[%emt 0:00:07]} 8. dxe4 {[%emt 0:00:02]} Bc5 {[%emt 0:00:26]} 9. c3 {[%emt 0:01:09]} a5 {[%emt 0:04:56]} 10. a4 {[%emt 0:03:30]} O-O {[%emt 0:00:40]} 11. Qc2 {[%emt 0:00:09]} Re8 {[%emt 0:01:00]} 12. Nc4 {[%emt 0:01:52]} Qc7 {[%emt 0:00:59]} 13. Bd2 {[%emt 0:05:45]} b5 {[%emt 0:12:32]} 14. Ne3 {[%emt 0:13:54]} Bxe3 {[%emt 0:05:29]} 15. Bxe3 {[%emt 0:01:40]} Nb6 {[%emt 0:00:19]} 16. axb5 {[%emt 0:06:36]} cxb5 {[%emt 0:00:46]} 17. Nd2 {[%emt 0:01:18]} Be6 {[%emt 0:11:17]} 18. f3 {[%emt 0:03:38]} Nfd7 {[%emt 0:07:55]} 19. Rfc1 {[%emt 0:02:04]} 1/2-1/2